Estadísticas para Resultados de la Copa Mundial de Fútbol de 1954

Haz click aquí para tomar la prueba!

Estadísticas generales

  • Esta prueba ha sido tomada 17 veces
  • La puntuación promedio es 13 de 16

Estadísticas de respuestas

Nation % Correcto
Italia
100%
Brasil
100%
Suiza
100%
Uruguay
100%
Francia
92%
Hungría
92%
México
92%
Yugoslavia
92%
Austria
85%
Checoslovaquia
77%
Alemania Occidental
69%
Bélgica
69%
Inglaterra
69%
Escocia
46%
Turquía
46%
Corea del Sur
38%

Distribución de puntuación

Porcentaje por número respondido

Porcentaje de gente con cada puntuación

Historial de tus puntuaciones

No has tomado esta prueba